Dependable Software Engineering. Theories, Tools, and Applications (Запис № 448682)
[ простий вигляд ]
| 000 -LEADER | |
|---|---|
| fixed length control field | 04022nam a22006615i 4500 |
| 001 - CONTROL NUMBER | |
| control field | 978-3-319-69483-2 |
| 003 - CONTROL NUMBER IDENTIFIER | |
| control field | DE-He213 |
| 005 - DATE AND TIME OF LATEST TRANSACTION | |
| control field | 20210118133737.0 |
| 007 - PHYSICAL DESCRIPTION FIXED FIELD--GENERAL INFORMATION | |
| fixed length control field | cr nn 008mamaa |
| 008 - FIXED-LENGTH DATA ELEMENTS--GENERAL INFORMATION | |
| fixed length control field | 171016s2017 gw | s |||| 0|eng d |
| 020 ## - INTERNATIONAL STANDARD BOOK NUMBER | |
| International Standard Book Number | 9783319694832 |
| -- | 978-3-319-69483-2 |
| 024 7# - OTHER STANDARD IDENTIFIER | |
| Standard number or code | 10.1007/978-3-319-69483-2 |
| Source of number or code | doi |
| 050 #4 - LIBRARY OF CONGRESS CALL NUMBER | |
| Classification number | QA76.758 |
| 072 #7 - SUBJECT CATEGORY CODE | |
| Subject category code | UMZ |
| Source | bicssc |
| 072 #7 - SUBJECT CATEGORY CODE | |
| Subject category code | COM051230 |
| Source | bisacsh |
| 072 #7 - SUBJECT CATEGORY CODE | |
| Subject category code | UMZ |
| Source | thema |
| 082 04 - DEWEY DECIMAL CLASSIFICATION NUMBER | |
| Classification number | 005.1 |
| Edition number | 23 |
| 245 10 - TITLE STATEMENT | |
| Title | Dependable Software Engineering. Theories, Tools, and Applications |
| Medium | [electronic resource] : |
| Remainder of title | Third International Symposium, SETTA 2017, Changsha, China, October 23-25, 2017, Proceedings / |
| Statement of responsibility, etc | edited by Kim Guldstrand Larsen, Oleg Sokolsky, Ji Wang. |
| 250 ## - EDITION STATEMENT | |
| Edition statement | 1st ed. 2017. |
| 264 #1 - | |
| -- | Cham : |
| -- | Springer International Publishing : |
| -- | Imprint: Springer, |
| -- | 2017. |
| 300 ## - PHYSICAL DESCRIPTION | |
| Extent | XVIII, 351 p. 74 illus. |
| Other physical details | online resource. |
| 336 ## - | |
| -- | text |
| -- | txt |
| -- | rdacontent |
| 337 ## - | |
| -- | computer |
| -- | c |
| -- | rdamedia |
| 338 ## - | |
| -- | online resource |
| -- | cr |
| -- | rdacarrier |
| 347 ## - | |
| -- | text file |
| -- | |
| -- | rda |
| 490 1# - SERIES STATEMENT | |
| Series statement | Programming and Software Engineering ; |
| Том/ позначення послідовності | 10606 |
| 505 0# - FORMATTED CONTENTS NOTE | |
| Formatted contents note | Probabilistic and Statistical Analysis -- Timed and Hybrid Systems -- Program Analysis -- Modeling and Verification.- Formalization -- Tools. |
| 520 ## - SUMMARY, ETC. | |
| Summary, etc | This book constitutes the proceedings of the Third International Symposium on Dependable Software Engineering: Theories, Tools, and Applications, SETTA 2017, held in Changsha, China, in October 2017. The 19 full papers presented together with 3 invited talks were carefully reviewed and selected from 31 submissions. The aim of the symposium is to bring together international researchers and practitioners in the field of software technology. Its focus is on probabilistic and statistical analysis; timed and hybrid systems; program analysis; modeling and verification; formalization; and tools. |
| 506 ## - RESTRICTIONS ON ACCESS NOTE | |
| Terms governing access | Available to subscribing member institutions only. Доступно лише організаціям членам підписки. |
| 506 ## - RESTRICTIONS ON ACCESS NOTE | |
| Standardized terminology for access restriction | Online access from local network of NaUOA. |
| 506 ## - RESTRICTIONS ON ACCESS NOTE | |
| Standardized terminology for access restriction | Online access with authorization at https://link.springer.com/ |
| 506 ## - RESTRICTIONS ON ACCESS NOTE | |
| Standardized terminology for access restriction | Онлайн-доступ з локальної мережі НаУОА. |
| 506 ## - RESTRICTIONS ON ACCESS NOTE | |
| Standardized terminology for access restriction | Онлайн доступ з авторизацією на https://link.springer.com/ |
| 650 #0 - SUBJECT ADDED ENTRY--TOPICAL TERM | |
| Topical term or geographic name as entry element | Software engineering. |
| 650 #0 - SUBJECT ADDED ENTRY--TOPICAL TERM | |
| Topical term or geographic name as entry element | Computer logic. |
| 650 #0 - SUBJECT ADDED ENTRY--TOPICAL TERM | |
| Topical term or geographic name as entry element | Mathematical logic. |
| 650 #0 - SUBJECT ADDED ENTRY--TOPICAL TERM | |
| Topical term or geographic name as entry element | Computer simulation. |
| 650 #0 - SUBJECT ADDED ENTRY--TOPICAL TERM | |
| Topical term or geographic name as entry element | Mathematical statistics. |
| 650 14 - SUBJECT ADDED ENTRY--TOPICAL TERM | |
| Topical term or geographic name as entry element | Software Engineering. |
| -- | http://scigraph.springernature.com/things/product-market-codes/I14029 |
| 650 24 - SUBJECT ADDED ENTRY--TOPICAL TERM | |
| Topical term or geographic name as entry element | Logics and Meanings of Programs. |
| -- | http://scigraph.springernature.com/things/product-market-codes/I1603X |
| 650 24 - SUBJECT ADDED ENTRY--TOPICAL TERM | |
| Topical term or geographic name as entry element | Mathematical Logic and Formal Languages. |
| -- | http://scigraph.springernature.com/things/product-market-codes/I16048 |
| 650 24 - SUBJECT ADDED ENTRY--TOPICAL TERM | |
| Topical term or geographic name as entry element | Simulation and Modeling. |
| -- | http://scigraph.springernature.com/things/product-market-codes/I19000 |
| 650 24 - SUBJECT ADDED ENTRY--TOPICAL TERM | |
| Topical term or geographic name as entry element | Probability and Statistics in Computer Science. |
| -- | http://scigraph.springernature.com/things/product-market-codes/I17036 |
| 700 1# - ADDED ENTRY--PERSONAL NAME | |
| Personal name | Larsen, Kim Guldstrand. |
| Relator term | editor. |
| Relator code | edt |
| -- | http://id.loc.gov/vocabulary/relators/edt |
| 700 1# - ADDED ENTRY--PERSONAL NAME | |
| Personal name | Sokolsky, Oleg. |
| Relator term | editor. |
| -- | (orcid)0000-0001-5282-0658 |
| -- | https://orcid.org/0000-0001-5282-0658 |
| Relator code | edt |
| -- | http://id.loc.gov/vocabulary/relators/edt |
| 700 1# - ADDED ENTRY--PERSONAL NAME | |
| Personal name | Wang, Ji. |
| Relator term | editor. |
| Relator code | edt |
| -- | http://id.loc.gov/vocabulary/relators/edt |
| 710 2# - ADDED ENTRY--CORPORATE NAME | |
| Corporate name or jurisdiction name as entry element | SpringerLink (Online service) |
| 773 0# - HOST ITEM ENTRY | |
| Title | Springer eBooks |
| 776 08 - ADDITIONAL PHYSICAL FORM ENTRY | |
| Display text | Printed edition: |
| International Standard Book Number | 9783319694825 |
| 776 08 - ADDITIONAL PHYSICAL FORM ENTRY | |
| Display text | Printed edition: |
| International Standard Book Number | 9783319694849 |
| 830 #0 - SERIES ADDED ENTRY--UNIFORM TITLE | |
| Uniform title | Programming and Software Engineering ; |
| Volume number/sequential designation | 10606 |
| 856 40 - ELECTRONIC LOCATION AND ACCESS | |
| Uniform Resource Identifier | <a href="https://doi.org/10.1007/978-3-319-69483-2">https://doi.org/10.1007/978-3-319-69483-2</a> |
| 912 ## - | |
| -- | ZDB-2-SCS |
| 912 ## - | |
| -- | ZDB-2-LNC |
| 942 ## - ADDED ENTRY ELEMENTS (KOHA) | |
| Koha item type | ЕКнига |
Немає доступних примірників.